| 000 | 00835nam a22002897a 4500 | ||
|---|---|---|---|
| 001 | BR9404339 | ||
| 003 | BR-BrBNA | ||
| 005 | 20240301133404.0 | ||
| 007 | ta | ||
| 008 | 230509b bl.||||| |||| 00| 0 por d | ||
| 040 |
_aBR-BrBNA _bpor _cBiblioteca Nacional de Agricultura |
||
| 041 | _a(Por) | ||
| 072 | _aA50 | ||
| 090 |
_aA50 _bBR9404339 |
||
| 100 | 1 | _aSouza, Ivan Sergio Freire de | |
| 100 | 1 | _aStagno, Horacio | |
| 110 | 1 |
_aIICA, Montevideo (Uruguay) _95555 |
|
| 245 | 1 | _aOrganismos de investigacao agropecuaria nos paises do Cone Sul: o caso EMBRAPA, Brasil | |
| 260 | 3 |
_aMontevideo (Uruguay): _c1991. |
|
| 300 | _a99 p. | ||
| 650 | _aInstituicao de Pesquisa | ||
| 650 | _aPlanejamento de Pesquisa | ||
| 650 | _aRecurso Humano | ||
| 650 | _aRecurso Economico | ||
| 650 | _aPrograma de Pesquisa | ||
| 942 |
_cBK _2AGRIS |
||
| 999 |
_c49621 _d49621 |
||